000 00381pab a2200145 454500
008 180718b1991 xxu||||| |||| 00| 0 eng d
100 _aSingh, Sunita
245 _aAberrations in normative power distribution in Indian organisations
260 _c1991
300 _a126-31
362 _aJul.
650 _aLeadership
773 _aManagement and Labour Studies
909 _a12883
999 _c12883
_d12883